Sports Quiz

Random Sports or MLB Quiz

MLB in Other Languages Quiz Stats

Quiz not verified by Sporcle

Challenge
Share
Tweet
Embed
Score 0/30 Timer 07:00
0 Plays Today
Language MLB Team % Correct
SpanishToronto Blue Jays
97.4%
SpanishDetroit Tigers
97.4%
FrenchOakland Athletics
91.2%
FrenchLos Angeles Angels of Anaheim
91.2%
FrenchSan Francisco Giants
91.2%
FrenchArizona Diamondbacks
87.7%
Mixed-BagSan Diego Padres
86%
Mixed-BagPittsburgh Pirates
85.1%
FrenchBoston Red Sox
84.2%
GermanSt. Louis Cardinals
84.2%
Mixed-BagFlorida Marlins
83.3%
GermanChicago White Sox
81.6%
FrenchNew York Yankees
73.7%
FrenchAtlanta Braves
69.3%
SpanishBaltimore Orioles
68.4%
Language MLB Team % Correct
GermanSeattle Mariners
67.5%
GermanMilwaukee Brewers
66.7%
SpanishKansas City Royals
59.6%
SpanishColorado Rockies
58.8%
SpanishMinnesota Twins
55.3%
Mixed-BagCincinnati Reds
53.5%
SpanishChicago Cubs
50%
GermanPhiladelphia Phillies
47.4%
Mixed-BagCleveland Indians
47.4%
GermanWashington Nationals
45.6%
Mixed-BagTampa Bay Rays
45.6%
Mixed-BagHouston Astros
45.6%
Mixed-BagLos Angeles Dodgers
45.6%
SpanishNew York Mets
45.6%
GermanTexas Rangers
43.9%

You're not logged in!

Compare scores with friends on all Sporcle quizzes.
Sign Up with Email
OR
Log In

You Might Also Like...

Show Comments

Extras

Top Quizzes Today


Score Distribution

Your Account Isn't Verified!

In order to create a playlist on Sporcle, you need to verify the email address you used during registration. Go to your Sporcle Settings to finish the process.